<?xml version="1.0" encoding="UTF-8"?><?xml-stylesheet type="text/xsl" href="static/style.xsl"?><OAI-PMH xmlns="http://www.openarchives.org/OAI/2.0/" xmlns:xsi="http://www.w3.org/2001/XMLSchema-instance" xsi:schemaLocation="http://www.openarchives.org/OAI/2.0/ http://www.openarchives.org/OAI/2.0/OAI-PMH.xsd"><responseDate>2026-04-13T02:43:49Z</responseDate><request verb="GetRecord" identifier="oai:www.recercat.cat:11351/10533" metadataPrefix="marc">https://recercat.cat/oai/request</request><GetRecord><record><header><identifier>oai:recercat.cat:11351/10533</identifier><datestamp>2024-06-06T08:38:24Z</datestamp><setSpec>com_2072_378070</setSpec><setSpec>com_2072_378040</setSpec><setSpec>col_2072_378092</setSpec></header><metadata><record xmlns="http://www.loc.gov/MARC21/slim" xmlns:dcterms="http://purl.org/dc/terms/" xmlns:xsi="http://www.w3.org/2001/XMLSchema-instance" xmlns:doc="http://www.lyncode.com/xoai" xsi:schemaLocation="http://www.loc.gov/MARC21/slim http://www.loc.gov/standards/marcxml/schema/MARC21slim.xsd">
   <leader>00925njm 22002777a 4500</leader>
   <datafield ind2=" " ind1=" " tag="042">
      <subfield code="a">dc</subfield>
   </datafield>
   <datafield ind2=" " ind1=" " tag="720">
      <subfield code="a">Diab, Adi</subfield>
      <subfield code="e">author</subfield>
   </datafield>
   <datafield ind2=" " ind1=" " tag="720">
      <subfield code="a">Gogas, Helen</subfield>
      <subfield code="e">author</subfield>
   </datafield>
   <datafield ind2=" " ind1=" " tag="720">
      <subfield code="a">Sandhu, Shahneen</subfield>
      <subfield code="e">author</subfield>
   </datafield>
   <datafield ind2=" " ind1=" " tag="720">
      <subfield code="a">Long, Georgina</subfield>
      <subfield code="e">author</subfield>
   </datafield>
   <datafield ind2=" " ind1=" " tag="720">
      <subfield code="a">ASCIERTO, PAOLO ANTONIO</subfield>
      <subfield code="e">author</subfield>
   </datafield>
   <datafield ind2=" " ind1=" " tag="720">
      <subfield code="a">Larkin, James</subfield>
      <subfield code="e">author</subfield>
   </datafield>
   <datafield ind2=" " ind1=" " tag="720">
      <subfield code="a">MUÑOZ COUSELO, EVA</subfield>
      <subfield code="e">author</subfield>
   </datafield>
   <datafield ind2=" " ind1=" " tag="260">
      <subfield code="c">2023-10-30T07:46:36Z</subfield>
   </datafield>
   <datafield ind2=" " ind1=" " tag="260">
      <subfield code="c">2023-10-30T07:46:36Z</subfield>
   </datafield>
   <datafield ind2=" " ind1=" " tag="260">
      <subfield code="c">2023-10-20</subfield>
   </datafield>
   <datafield ind2=" " ind1=" " tag="520">
      <subfield code="a">Nivolumab; Advanced melanoma</subfield>
   </datafield>
   <datafield ind2=" " ind1=" " tag="520">
      <subfield code="a">Nivolumab; Melanoma avanzado</subfield>
   </datafield>
   <datafield ind2=" " ind1=" " tag="520">
      <subfield code="a">Nivolumab; Melanoma avançat</subfield>
   </datafield>
   <datafield ind2=" " ind1=" " tag="520">
      <subfield code="a">PURPOSE&#xd;
Despite marked advances in the treatment of unresectable or metastatic melanoma, the need for novel therapies remains. Bempegaldesleukin (BEMPEG), a pegylated interleukin-2 (IL-2) cytokine prodrug, demonstrated efficacy in the phase II PIVOT-02 trial. PIVOT IO 001 (ClinicalTrials.gov identifier: NCT03635983) is a phase III, randomized, open-label study that builds on the PIVOT-02 results in first-line melanoma.&#xd;
METHODS&#xd;
Patients with previously untreated, unresectable, or metastatic melanoma were randomly assigned 1:1 to receive BEMPEG plus nivolumab (NIVO) or NIVO monotherapy. Primary end points were objective response rate (ORR) and progression-free survival (PFS) by blinded independent central review and overall survival (OS). Secondary and exploratory end points included additional efficacy measures, safety, and pharmacokinetics (PKs) and pharmacodynamics analyses.&#xd;
RESULTS&#xd;
In 783 patients (n = 391, BEMPEG plus NIVO; n = 392, NIVO monotherapy), the median follow-up was 11.6 months in the intent-to-treat population. The ORR with BEMPEG plus NIVO was 27.7% versus 36.0% with NIVO (two-sided P = .0311). The median PFS with BEMPEG plus NIVO was 4.17 months (95% CI, 3.52 to 5.55) versus 4.99 months (95% CI, 4.14 to 7.82) with NIVO (hazard ratio [HR], 1.09; 97% CI, 0.88 to 1.35; P = .3988). The median OS was 29.67 months (95% CI, 22.14 to not reached [NR]) with BEMPEG plus NIVO versus 28.88 months (95% CI, 21.32 to NR) with NIVO (HR, 0.94; 99.929% CI, 0.59 to 1.48; P = .6361). Grade 3-4 treatment-related adverse events (AEs) and serious AE rates were higher with the combination (21.7% and 10.1%, respectively) versus NIVO (11.5% and 5.5%, respectively). BEMPEG PK exposure and absolute lymphocyte count changes after BEMPEG plus NIVO were comparable between PIVOT IO 001 and PIVOT-02.&#xd;
CONCLUSION&#xd;
The PIVOT IO 001 study did not meet its primary end points of ORR, PFS, and OS. Increased toxicity was observed with BEMPEG plus NIVO versus NIVO.</subfield>
   </datafield>
   <datafield tag="653" ind2=" " ind1=" ">
      <subfield code="a">Melanoma</subfield>
   </datafield>
   <datafield tag="653" ind2=" " ind1=" ">
      <subfield code="a">Quimioteràpia combinada</subfield>
   </datafield>
   <datafield tag="653" ind2=" " ind1=" ">
      <subfield code="a">DISEASES::Neoplasms::Neoplasms by Histologic Type::Neoplasms, Germ Cell and Embryonal::Neuroectodermal Tumors::Neuroendocrine Tumors::Melanoma</subfield>
   </datafield>
   <datafield tag="653" ind2=" " ind1=" ">
      <subfield code="a">ANALYTICAL, DIAGNOSTIC AND THERAPEUTIC TECHNIQUES, AND EQUIPMENT::Therapeutics::Therapeutics::Drug Therapy::Antineoplastic Protocols::Therapeutics::Drug Therapy::Antineoplastic Combined Chemotherapy Protocols</subfield>
   </datafield>
   <datafield tag="653" ind2=" " ind1=" ">
      <subfield code="a">ENFERMEDADES::neoplasias::neoplasias por tipo histológico::neoplasias de células germinales y embrionarias::tumores neuroectodérmicos::tumores neuroendocrinos::melanoma</subfield>
   </datafield>
   <datafield tag="653" ind2=" " ind1=" ">
      <subfield code="a">TÉCNICAS Y EQUIPOS ANALÍTICOS, DIAGNÓSTICOS Y TERAPÉUTICOS::terapéutica::terapéutica::farmacoterapia::protocolos antineoplásicos::terapéutica::farmacoterapia::protocolos de quimioterapia antineoplásica combinada</subfield>
   </datafield>
   <datafield ind2="0" ind1="0" tag="245">
      <subfield code="a">Bempegaldesleukin Plus Nivolumab in Untreated Advanced Melanoma: The Open-Label, Phase III PIVOT IO 001 Trial Results</subfield>
   </datafield>
</record></metadata></record></GetRecord></OAI-PMH>